000
00294nam a22001097a 4500
008
160506b xxu||||| |||| 00| 0 eng d
020
_a
9780323054720
041
_a
eng
080
_a
61
245
_a
Rosens emergency medicine:
_c
John A. Marx; Robert S. Hockberger; Ron M. Wallls;
942
_2
udc
_c
BK
999
_c
1870
_d
1870